000 00620nam a2200277Ia 4500
005 20260324115931.0
008 008 260324s9999 xx 000 0 eng d
020 _a9781315691756
037 _aEBOOK
040 _aCRL
040 _beng
040 _cCRL
041 _2eng
041 _aeng
084 _qCRL
100 _aJames A. B. Scherer
_91156562
245 0 _aJapan To-day
260 _bTaylor and Francis
260 _c2015
365 _a
365 _b195
856 _uhttp://www.taylorfrancis.com/books/9781315691756
942 _cEBOOK
999 _c1747816
_d1747816